• 首页
  • 本馆介绍
  • 公告通知
  • 最新文献
  • 馆藏检索
  • 电子资源
  • 读者导购
  • 参考咨询
  • 我的图书馆
  • 登录
  • 详细信息显示
  • 放入我的书架
  • 预约/预借图书
  • 作者相关作品
  • 分类相关作品
  • 丛书相关作品
  • 出版社相关作品

书目信息

  • 表格格式
  • 工作单格式
  • 卡片格式
题名:
生态产业链系统构建研究
    
 
作者: 韩玉堂 著
分册:  
出版信息: 长春   吉林出版集团有限责任公司  2016
页数: 202页
开本: 24cm
丛书名:
单 册:
中图分类: F124.5
科图分类:
主题词: 生态经济--sheng tai jing ji--产业链--研究--中国
电子资源:
ISBN: 978-7-5534-9821-8
000 01104nam0 22002531 450
001 1730333834
005 20170525101538.0
010    @a978-7-5534-9821-8@dCNY56.00
100    @a20160711d2016 em y0chiy50 ea
101 0  @achi
102    @aCN@b220000
105    @ay z 000yy
106    @ar
200 1  @a生态产业链系统构建研究@Asheng tai chan ye lian xi tong gou jian yan jiu@dA research on construction of eco-industrial chain (EIC) system@zeng@f韩玉堂著
210    @a长春@c吉林出版集团有限责任公司@d2016
215    @a202页@d24cm
314    @a韩玉堂 (1966-),男,出生于山东省青岛市。现任中国海洋大学出版社编审等职。发表诗词近60首,撰编论著3部。
330    @a本书从EIC的链接及其生态效率、EIC系统构建、EIC系统运营的稳定性评价等三个维度,对生态工业园中的生态产业链系统的构建及稳定性问题进行了比较系统的研究。
510 1  @aResearch on construction of eco-industrial chain (EIC) system@zeng
606 0  @a生态经济@Asheng tai jing ji@x产业链@x研究@y中国
690    @aF124.5@v5
701  0 @a韩玉堂@Ahan yu tang@f(1966-)@4著
801  0 @aCN@bTANG WEI@c20170524
905    @b0969653-7@dF124.5@e287@f5
    
    生态产业链系统构建研究=A research on construction of eco-industrial chain (EIC) system/韩玉堂著.-长春:吉林出版集团有限责任公司,2016
    202页;24cm
    
    
    ISBN 978-7-5534-9821-8:CNY56.00
    本书从EIC的链接及其生态效率、EIC系统构建、EIC系统运营的稳定性评价等三个维度,对生态工业园中的生态产业链系统的构建及稳定性问题进行了比较系统的研究。
●
相关链接 在E读中查询图书 在五车中查询图书 在当当中查询图书 在豆瓣中查询图书


正题名:生态产业链系统构建研究     索取号:F124.5/287         预约/预借

序号 登录号 条形码 馆藏地/架位号 状态 备注
1 0969653   209696532   第一样本阅览室/ [索取号:F124.5/287] 在馆    
2 0969654   209696541   第一借阅区/ [索取号:F124.5/287] 在馆    
3 0969655   209696550   第一借阅区/ [索取号:F124.5/287] 在馆    
4 0969656   209696569   密集书库-海洋学院/ [索取号:F124.5/287] 在馆    
5 0969657   209696578   第一借阅区/ [索取号:F124.5/287] 在馆    
唐山师范学院图书馆 欢迎您!
大连网信软件有限公司© 版权所有